Настольные часы - головоломка; Современные техника и технологии; Т. 3

Bibliographische Detailangaben
Parent link:Современные техника и технологии: сборник трудов XX международной научно-практической конференции студентов, аспирантов и молодых ученых, Томск, 14-18 апреля 2014 г./ Национальный исследовательский Томский политехнический университет (ТПУ).— , 2014
Т. 3.— 2014.— [С. 208-209]
1. Verfasser: Волкова М. Г. Марина Геннадьевна
Körperschaft: Национальный исследовательский Томский политехнический университет (ТПУ) Институт кибернетики (ИК) Кафедра автоматизации и роботизации в машиностроении (АРМ)
Weitere Verfasser: Кухта М. С. Мария Сергеевна (научный руководитель)
Zusammenfassung:Заглавие с титульного экрана
Sprache:Russisch
Veröffentlicht: 2014
Schriftenreihe:Дизайн и технология художественной обработки материалов
Schlagworte:
Online-Zugang:http://earchive.tpu.ru/handle/11683/20944
http://www.lib.tpu.ru/fulltext/c/2014/C01/V3/098.pdf
Format: Elektronisch Buchkapitel
KOHA link:https://koha.lib.tpu.ru/cgi-bin/koha/opac-detail.pl?biblionumber=607322

MARC

LEADER 00000naa2a2200000 4500
001 607322
005 20231101132440.0
035 |a (RuTPU)RU\TPU\conf\4703 
035 |a RU\TPU\conf\4690 
090 |a 607322 
100 |a 20140708d2014 k y0rusy50 ca 
101 0 |a rus 
102 |a RU 
105 |a y z 101zy 
135 |a drcn ---uucaa 
181 0 |a i  
182 0 |a b 
200 1 |a Настольные часы - головоломка  |f М. Г. Волкова  |g науч. рук. М. С. Кухта 
203 |a Текст  |c электронный 
225 1 |a Дизайн и технология художественной обработки материалов 
230 |a 1 компьютерный файл (pdf; 283 Кb) 
300 |a Заглавие с титульного экрана 
320 |a [Библиогр.: с. 209 (6 назв.)] 
337 |a Adobe Reader 
461 1 |0 (RuTPU)RU\TPU\conf\3687  |t Современные техника и технологии  |o сборник трудов XX международной научно-практической конференции студентов, аспирантов и молодых ученых, Томск, 14-18 апреля 2014 г.  |o в 3 т.  |f Национальный исследовательский Томский политехнический университет (ТПУ)   |d 2014 
463 0 |0 (RuTPU)RU\TPU\conf\3691  |t Т. 3  |v [С. 208-209]  |d 2014 
610 1 |a труды учёных ТПУ 
610 1 |a электронный ресурс 
610 1 |a часы 
610 1 |a головоломки 
610 1 |a арт-объекты 
610 1 |a часовые механизмы 
610 1 |a конструкции 
700 1 |a Волкова  |b М. Г.  |c лингвист  |c доцент Томского политехнического университета, кандидат филологических наук  |f 1977-  |g Марина Геннадьевна  |2 stltpush  |3 (RuTPU)RU\TPU\pers\32146 
702 1 |a Кухта  |b М. С.  |c российский ученый, специалист в области философии науки и техники  |c профессор Томского политехнического университета, доктор философских наук  |f 1963-  |g Мария Сергеевна  |2 stltpush  |4 727 
712 0 2 |a Национальный исследовательский Томский политехнический университет (ТПУ)  |b Институт кибернетики (ИК)  |b Кафедра автоматизации и роботизации в машиностроении (АРМ)  |h 78  |2 stltpush  |3 (RuTPU)RU\TPU\col\18704 
801 2 |a RU  |b 63413507  |c 20210315  |g RCR 
856 4 |u http://earchive.tpu.ru/handle/11683/20944 
856 4 |u http://www.lib.tpu.ru/fulltext/c/2014/C01/V3/098.pdf 
942 |c BK